The national rural employment guarantee act, 2005 / (Record no. 41525)

MARC details
000 -LEADER
fixed length control field 00755nam a22002057a 4500
005 - DATE AND TIME OF LATEST TRANSACTION
control field 20100813113328.0
010 ## - LCCN (DPL NO)
LC control number ENG-100113
020 ## - INTERNATIONAL STANDARD BOOK NUMBER
Terms of availability 50.00
035 ## - SYSTEM CONTROL NUMBER
System control number EN-83645
037 ## - SOURCE OF ACQUISITION
Source of stock number/acquisition DBAD/PUB
082 ## - DEWEY DECIMAL CLASSIFICATION NUMBER
Classification number 331.12042
245 ## - TITLE STATEMENT
Title The national rural employment guarantee act, 2005 /
260 ## - PUBLICATION, DISTRIBUTION, ETC. (IMPRINT)
Place of publication, distribution, etc Delhi
Name of publisher, distributor, etc Universal Law Publishing
Date of publication, distribution, etc 2009
270 ## - ADDRESS
Address C-FF-1A, Dilkhush Indestrial Estate, (Opp. Hans Cinema azadpur) G. T. Karnal Road
City Delhi
Postal code 110033
300 ## - PHYSICAL DESCRIPTION
Extent v, 38p.
Dimensions 24cm (pbk)
650 ## - SUBJECT ADDED ENTRY--TOPICAL TERM
Topical term or geographic name as entry element Gurantee annual income
650 ## - SUBJECT ADDED ENTRY--TOPICAL TERM
Topical term or geographic name as entry element India
942 ## - ADDED ENTRY ELEMENTS (KOHA)
Source of classification or shelving scheme Dewey Decimal Classification
Item type English Books
Classification part 331.12042
Call number suffix NAT
Holdings
Withdrawn status Lost status Not for loan Collection code Home library Current library Date acquired Source of acquisition Cost, normal purchase price Full call number Barcode Copy number Cost, replacement price Koha item type
    Not For Loan Non-fiction D.B.Act.Division D.B.Act.Division 13/08/2010 DBAD/PUB 50.00 331.12042 THE EN-83645 1 50.00 English Books

© Delhi Public Library
Hit Counter
free hit counter